000 00607cam a22002291 4500
001 sa 64006771
003 DLC
005 20260227112041.0
008 890911s1962 ii 000 0btamo
010 _asa 64006771
035 _a(OCoLC)20326137
040 _aDLC
_cWaU
_dDLC
042 _apremarc
050 0 0 _aPL4758.6
_b.A4
100 1 _aAl̲akiricāmi, Ku.
_q(Kurucāmi),
_d1923-1970.
245 1 0 _aTamil̲ tanta kaviyamutam.
260 _c[1962]
300 _a352 p.
_c19 cm.
500 _aIn Tamil.
500 _aIncludes brief biographical sketches of the authors.
650 0 _aTamil poetry.
999 _c59861
_d59861